Consideraciones sobre el problema indígena.

Na minha lista:
Detalhes bibliográficos
Autor principal: Gamio, Manuel (autor)
Formato: Livro
Idioma:espanhol
Edição:2a ed.
Assuntos:
Tags: Adicionar Tag
Sem tags, seja o primeiro a adicionar uma tag!

MARC

LEADER 00000cam^a2200000uu^4500
001 000487226
005 20250521000000.0
008 033009s1966^^^^^^^^^^^^rd^r^^000^0^spa^d
009 20260310125240.842
035 |a FCE 000030391 
035 |a FCE 034078 
037 |a Acervo ITESO - Biblioteca 
041 |a spa 
082 0 4 |a 323.354  |b GAMc 
100 |a Gamio, Manuel  |e (autor) 
245 1 0 |a Consideraciones sobre el problema indígena. 
250 |a 2a ed. 
264 |a México :  |b Instituto Indigenista Interamericano,  |c 1966. 
300 |a 274 p. 
336 |a texto  |b txt  |2 rdacontenido 
337 |a sin mediación  |b n  |2 rdamedio 
338 |a volumen  |b nc  |2 rdasoporte 
649 |a XX 
650 |a Política 
650 |a Calidad de vida 
650 |a Población indígena 
650 |a Medio social 
650 |a Problema social 
650 |a América Latina 
910 |a Fondo Centro de Estudios Educativos 
920 |a Impresos - Libros 
930 |a Fondos Especiales 
905 |a 133 
901 |a ALE034078  |b IT2  |c CEE  |u 20250521 
902 |a https://opac.biblio.iteso.mx/vufind/Record/000487226